Treball per a la caracterització de la imatge gràfica del Servei de Sanitat de la Diputació de Barcelona / equip de treball: Joaquim Nolla, Josep Maria Mir Joaquim Nolla, Josep Maria Mir
Publicado:
Diputació de Barcelona, [s.a.] :
Descripción Física:
[31] f. : il. ; 29 cm
MARC
| LEADER | 00000nam a2200000Ia 4500 | ||
|---|---|---|---|
| 001 | 18283 | ||
| 008 | 160829s9999 xx 000 0 cat d | ||
| 080 | |a FU-50-10 | ||
| 245 | |a Treball per a la caracterització de la imatge gràfica del Servei de Sanitat de la Diputació de Barcelona / equip de treball: |b Joaquim Nolla, Josep Maria Mir | ||
| 260 | |a Diputació de Barcelona, [s.a.] | ||
| 300 | |a [31] f. : |b il. ; |c 29 cm | ||
| 590 | |a Exemplar ciclostilat | ||
| 610 | 1 | 0 | |a Barcelona (Catalunya : Província). |b Servei de Sanitat |9 54402 |
| 650 | |a Imatge corporativa |9 22160 | ||
| 700 | |a Nolla, Joaquim |9 30354 | ||
| 700 | |a Mir, Josep Maria |9 22203 | ||
| 710 | 1 | |a Barcelona (Catalunya : Província). |b Servei de Sanitat |9 54402 | |
| 901 | |a Arxiu | ||
| 942 | |n 1 | ||
| 952 | |0 0 |1 0 |4 0 |6 FU5010 |7 1 |9 42115 |a Arxiu |b Arxiu |d 2016-12-01 |l 0 |o FU-50-10 |p 18283 |r 2016-12-01 00:00:00 |w 2016-12-01 |y ARXIU | ||
| 999 | |c 44562 |d 44562 | ||